| 000 | 00533cam a22001931 4500 | ||
|---|---|---|---|
| 001 | 45820 | ||
| 090 | _a45820 | ||
| 100 | _a19931026d1942 m y0pory5003 ba | ||
| 101 | 1 | _apor | |
| 102 | _aPT | ||
| 200 | 1 |
_aJustiça de Catamount _fAlbert Bonneau _gtrad. de Frederico de Carvalho |
|
| 210 | 9 |
_aLisboa _cLivraria Clássica, _d1942 |
|
| 215 |
_a206, [1] p. _d19 cm |
||
| 225 | 2 |
_aOs Melhores romances de aventuras _v34 |
|
| 675 | _a82-93 | ||
| 700 | 1 |
_aVoussac, _bJean, |
|
| 702 | 1 |
_aCarvalho, _bFrederico de _4730 |
|
| 801 | 0 |
_aPT _bBN _gRPC |
|
| 990 | _cLIVROS | ||